| 000 | 00568nam a2200217Ia 4500 | ||
|---|---|---|---|
| 999 |
_c46990 _d46990 |
||
| 001 | 13844 | ||
| 003 | GE_BSU | ||
| 005 | 20221124155820.0 | ||
| 008 | 181216s2005||||enk|||||||||||||| ||eng|| | ||
| 020 | _a034089668x | ||
| 040 | _cGE_BSU | ||
| 041 | _aeng | ||
| 080 | _a821.111-31 J-12 | ||
| 100 |
_aJackson,Joshilyn _916059 |
||
| 245 |
_aGods in Alabama / _cJoshilyn Jackson. |
||
| 264 |
_aLondon : _bHodder, _c2005. |
||
| 300 |
_a274 p.; _b20 cm. |
||
| 653 | _aGods in Alabama | ||
| 653 | _aღმერთები ალაბამაში | ||
| 942 |
_cBK _2udc |
||